Ciudades medievales europeas : entre lo real y lo ideal /
Estudio crítico-descriptivo de la cosmovisión y el orden social expresados en la concepción y el desarrollo de la ciudad medieval.
Na minha lista:
| Autor principal: | |
|---|---|
| Formato: | Livro |
| Idioma: | espanhol |
| Publicado em: |
Madrid, España :
Cátedra,
2013, c2013
|
| Colecção: | (Historia Cátedra. Serie Menor)
|
| Assuntos: | |
| Tags: |
Sem tags, seja o primeiro a adicionar uma tag!
|
MARC
| LEADER | 00000nam^a2200000^a^4500 | ||
|---|---|---|---|
| 001 | 000361758 | ||
| 005 | 20250521000000.0 | ||
| 008 | 151016 20132013 | ||
| 009 | 20260310115501.926 | ||
| 020 | |a 978-84-376-3163-9 | ||
| 037 | |a Acervo ITESO - Biblioteca | ||
| 041 | |a ESP | ||
| 082 | |a 940. 12 |b MIT | ||
| 100 | |a Mitre Fernández, Emilio |e (autor) | ||
| 245 | 1 | 0 | |a Ciudades medievales europeas : |b entre lo real y lo ideal / |c E. Mitre Fernández. |
| 264 | 4 | |a Madrid, España : |b Cátedra, |c 2013, c2013 | |
| 300 | |a 347 p. | ||
| 336 | |a texto |b txt |2 rdacontenido | ||
| 337 | |a sin mediación |b n |2 rdamedio | ||
| 338 | |a volumen |b nc |2 rdasoporte | ||
| 440 | 1 | |a (Historia Cátedra. |p Serie Menor) | |
| 520 | |a Estudio crítico-descriptivo de la cosmovisión y el orden social expresados en la concepción y el desarrollo de la ciudad medieval. | ||
| 521 | |a 2015 BO Licenciatura en Arquitectura | ||
| 649 | |a XX | ||
| 650 | |a Ciudad (Concepto) - |z Europa - |x Historia - |y 476-1492 - |x Tema Principal | ||
| 650 | |a Desarrollo Urbano - |z Europa - |x Historia - |y 476-1492 | ||
| 650 | |a Representación Social - |z Europa - |x Historia - |y 476-1492 | ||
| 650 | |a Cosmovisión - |z Europa - |x Historia - |y 476-1492 | ||
| 650 | |a Organización Social - |z Europa - |x Historia - |y 476-1492 | ||
| 650 | |a Arquitectura y Sociedad - |z Europa - |x Historia - |y 476-1492 | ||
| 650 | |a Arquitectura Medieval - |x Historia y Crítica | ||
| 650 | |a Arquitectura Europea - |x Historia y Crítica | ||
| 650 | |a Arte y Sociedad - |z Europa - |x Historia - |y 476-1492 | ||
| 650 | |a Arte Medieval - |x Historia y Crítica | ||
| 650 | |a Arte Europeo - |x Historia y Crítica | ||
| 650 | |a Urbanismo - |z Europa - |x Historia - |y 476-1492 | ||
| 650 | |a Europa - |x Historia - |y 476-1492 - |x Tema Principal | ||
| 650 | |a Europa - |x Descripción | ||
| 910 | |a Fondo General | ||
| 920 | |a Impresos - Libros | ||
| 930 | |a Colección General | ||
| 905 | |a 101 | ||
| 901 | |a 0500255112 |b IT1 |c ACC |i C148103 |u 20250521 | ||
| 901 | |a 0500255109 |b IT1 |c ACC |i C148104 |u 20250521 | ||
| 902 | |a https://opac.biblio.iteso.mx/vufind/Record/000361758 | ||